<?xml version="1.0" encoding="UTF-8"?>
<marc:record xmlns:marc="http://www.loc.gov/MARC21/slim">
   <marc:leader>00000nam a2200000 a 4500</marc:leader>
   <marc:datafield ind1="0" ind2="0" tag="245">
      <marc:subfield code="a">Luxor [Spiel]</marc:subfield>
   </marc:datafield>
   <marc:datafield ind1="0" ind2="0" tag="245">
      <marc:subfield code="b">Die vergessenen Schätze</marc:subfield>
   </marc:datafield>
   <marc:datafield ind1=" " ind2="1" tag="264">
      <marc:subfield code="b">queen games</marc:subfield>
   </marc:datafield>
   <marc:datafield ind1="1" ind2=" " tag="520">
      <marc:subfield code="a">Auf der Jagd nach wertvollen Scha¨tzen durchsuchen die Abenteurer den sagenumwobenen Tempel in Luxor. Das Ziel ist die Grabkammer des Pharao. Aber schon auf dem Weg dorthin gibt es zahlreiche Scha¨tze einzusammeln. Ein Wettstreit entbrennt: Der Spieler, der mit seinem Team aus fu¨nf Abenteurern am schnellsten zur Grabkammer vordringt und zugleich viele Scha¨tze bergen kann, wird das Spiel gewinnen. Kein Spiel gleicht dem anderen, denn der Weg in die Grabkammer ist in jeder Partie unterschiedlich und vera¨ndert sich sogar wa¨hrend des Spiels, was die Spieler vor immer neue Herausforderungen stellt.</marc:subfield>
   </marc:datafield>
   <marc:datafield ind1=" " ind2=" " tag="020">
      <marc:subfield code="a">4010350103708</marc:subfield>
      <marc:subfield code="9">4010350103708</marc:subfield>
   </marc:datafield>
   <marc:datafield ind1=" " ind2=" " tag="500">
      <marc:subfield code="a">1 Spielplan, 1 Horus-Tableau, 1 Wertungs-Tableau, 1 Würfel (1-6), 1 Startspieler-Marker (Adler), 2 Sarkophage, 4 Spieler-Marker (rot, gelb, blau, grün), 4 Zählsteine (rot, gelb, blau, grün), 20 Spielfiguren (je 5 in rot, gelb, blau, grün), 6 Horus-Plättch</marc:subfield>
   </marc:datafield>
   <marc:datafield ind1="0" ind2=" " tag="490">
      <marc:subfield code="v">0</marc:subfield>
   </marc:datafield>
</marc:record>
